[Event "Nordhausen op 13th"]
[Site "Nordhausen"]
[Date "2023.08.05"]
[Round "6"]
[White "Huber, Benedikt"]
[Black "Woithe, Daniel"]
[Result "1-0"]
[WhiteElo "2272"]
[BlackElo "2106"]
[PlyCount "55"]
[EventDate "2023.08.03"]
[EventType "swiss"]
[EventRounds "7"]
[EventCountry "GER"]
[SourceTitle "CBM 215 Extra"]
[Source "ChessBase"]
[SourceDate "2023.09.30"]
[SourceVersion "1"]
[SourceVersionDate "2023.09.30"]
[SourceQuality "1"]

1. e4 e6 2. d4 d5 3. e5 c5 4. c3 Nc6 5. Nf3 Qb6 6. Bd3 cxd4 7. 0-0 Bd7 8. Re1 Nge7 9. h4 a6 10. Nbd2 dxc3 11. bxc3 g6 12. c4 Bg7 13. Rb1 Qc7 14. Ba3 0-0 15. Bd6 Qc8 16. Qb3 Re8 17. Qxb7 Na5 18. Qb4 Nec6 19. Qa3 dxc4 20. Bxc4 Nxe5 21. Bxe5 Nxc4 22. Nxc4 Qxc4 23. Bxg7 Kxg7 24. Ne5 Qa4 25. Qf3 Rf8 26. h5 h6 27. Rb7 Qa5 28. Re3 1-0

[Event "Oberliga Nord O 2223"]
[Site "Germany"]
[Date "2023.01.15"]
[Round "4.3"]
[White "Woithe, Daniel"]
[Black "Woll, Wilfried"]
[Result "1-0"]
[WhiteElo "2066"]
[BlackElo "2021"]
[PlyCount "91"]
[EventDate "2022.10.23"]
[EventType "team-tourn"]
[EventRounds "9"]
[EventCountry "GER"]
[SourceTitle "EXT 2025"]
[Source "ChessBase"]
[SourceDate "2024.10.14"]
[SourceVersion "1"]
[SourceVersionDate "2024.10.14"]
[SourceQuality "1"]
[WhiteTeam "Frankfurt/O"]
[BlackTeam "Greifswald"]
[WhiteTeamCountry "GER"]
[BlackTeamCountry "GER"]

1. Nf3 d5 2. g3 c5 3. Bg2 Nc6 4. d4 cxd4 5. Nxd4 e5 6. Nxc6 bxc6 7. c4 Be6 8. Nc3 Bb4 9. Qa4 Bxc3+ 10. bxc3 Ne7 11. cxd5 Bxd5 12. e4 Be6 13. 0-0 0-0 14. Ba3 Re8 15. Rfd1 Qc8 16. Rd2 Qb7 17. Rb2 Qc7 18. Rab1 Bc8 19. Rd1 Bg4 20. f3 Bd7 21. Bd6 Qc8 22. Bxe5 Ng6 23. Bd6 h5 24. Qd4 Bh3 25. c4 Bxg2 26. Kxg2 a5 27. c5 Qe6 28. Rdd2 Rad8 29. Qa4 Ne5 30. Bxe5 Qxe5 31. Qxa5 Ra8 32. Qb4 Rab8 33. Qa3 f5 34. Rxb8 Rxb8 35. exf5 Qe1 36. Qd3 Rb1 37. Qe2 Qg1+ 38. Kh3 Re1 39. Qf2 Qh1 40. Qg2 Qxg2+ 41. Kxg2 Rc1 42. g4 Rxc5 43. Kg3 Rc3 44. Kf4 Kh7 45. Kg5 c5 46. Kxh5 1-0

[Event "Oberliga Nord O 2223"]
[Site "Germany"]
[Date "2022.11.27"]
[Round "2.3"]
[White "Woithe, Daniel"]
[Black "Horn, Sven"]
[Result "0-1"]
[WhiteElo "2069"]
[BlackElo "2110"]
[PlyCount "64"]
[EventDate "2022.10.23"]
[EventType "team-tourn"]
[EventRounds "9"]
[EventCountry "GER"]
[SourceTitle "EXT 2025"]
[Source "ChessBase"]
[SourceDate "2024.10.14"]
[SourceVersion "1"]
[SourceVersionDate "2024.10.14"]
[SourceQuality "1"]
[WhiteTeam "Frankfurt/O"]
[BlackTeam "Oberschoeneweide"]
[WhiteTeamCountry "GER"]
[BlackTeamCountry "GER"]

1. d4 Nf6 2. Nc3 d5 3. Bf4 e6 4. e3 a6 5. g4 c5 6. g5 Nfd7 7. Nf3 Nc6 8. a3 b5 9. Qd2 Be7 10. h4 Qa5 11. dxc5 b4 12. Na2 Bxc5 13. axb4 Bxb4 14. c3 Be7 15. Be2 Qb6 16. b4 Bb7 17. 0-0 e5 18. Bg3 Rd8 19. Rab1 e4 20. Nd4 Nxd4 21. Qxd4 Qg6 22. Qa7 Bc6 23. b5 axb5 24. Nb4 Bxb4 25. Rxb4 h6 26. Bxb5 Bxb5 27. Rxb5 hxg5 28. Rxd5 gxh4 29. Rd6 Qg4 30. Rfd1 hxg3 31. Rxd7 Rh1+ 32. Kg2 Qf3# 0-1

[Event "Kragero op"]
[Site "Kragero"]
[Date "2020.02.23"]
[Round "9"]
[White "Amar, Elham"]
[Black "Woithe, Daniel"]
[Result "1-0"]
[WhiteElo "2381"]
[BlackElo "2067"]
[PlyCount "105"]
[EventDate "2020.02.19"]
[EventType "swiss"]
[EventRounds "9"]
[EventCountry "NOR"]
[SourceTitle "CBM 195 Extra"]
[Source "ChessBase"]
[SourceDate "2020.05.31"]
[SourceVersion "1"]
[SourceVersionDate "2020.05.31"]
[SourceQuality "1"]

1. e4 e5 2. Nc3 Nf6 3. Bc4 Nc6 4. d3 Bc5 5. f4 d6 6. Nf3 exf4 7. Bxf4 Be6 8. Bxe6 fxe6 9. Na4 Bb6 10. Nxb6 axb6 11. 0-0 0-0 12. Qd2 e5 13. Bg5 h6 14. Bh4 Ne7 15. Qc3 Ng6 16. Bxf6 Rxf6 17. a4 Kh7 18. b4 Nf4 19. Kh1 Qd7 20. a5 b5 21. d4 Ne2 22. Qd3 Nxd4 23. Nxd4 Rxf1+ 24. Rxf1 exd4 25. e5+ Kg8 26. Qxd4 Qe6 27. exd6 Qxd6 28. Qxd6 cxd6 29. Kg1 b6 30. axb6 Rb8 31. Kf2 Rxb6 32. c3 Rc6 33. Rd1 Rxc3 34. Rd5 Rb3 35. Rxb5 Kf7 36. Rb8 d5 37. b5 Rb2+ 38. Kf3 d4 39. b6 Kg6 40. h4 h5 41. Ke4 Rxg2 42. Kxd4 Rb2 43. Kc5 Kf5 44. Rd8 Rc2+ 45. Kb5 Rb2+ 46. Kc6 Rc2+ 47. Kd7 Kg4 48. b7 Rb2 49. b8Q Rxb8 50. Rxb8 Kxh4 51. Ke6 Kg3 52. Kf5 h4 53. Rb3+ 1-0

[Event "Lisbon Portugal op"]
[Site "Lisbon"]
[Date "2019.02.02"]
[Round "1"]
[White "Alshameary Puente, Ismael"]
[Black "Woithe, Daniel"]
[Result "1-0"]
[WhiteElo "2418"]
[BlackElo "1921"]
[PlyCount "89"]
[EventDate "2019.02.02"]
[EventType "swiss"]
[EventRounds "9"]
[EventCountry "POR"]
[SourceTitle "CBM 188 Extra"]
[Source "ChessBase"]
[SourceDate "2019.02.28"]
[SourceVersion "1"]
[SourceVersionDate "2019.02.28"]
[SourceQuality "1"]

1. d4 d5 2. c4 e6 3. Nc3 Nf6 4. cxd5 exd5 5. Bg5 Be7 6. e3 c6 7. Bd3 Nbd7 8. Nf3 0-0 9. Qc2 Re8 10. 0-0 Nf8 11. h3 Ng6 12. Bxf6 Bxf6 13. b4 a6 14. a4 Be6 15. b5 axb5 16. axb5 Qd7 17. Na4 Bxh3 18. Nh2 Rxa4 19. Rxa4 Be6 20. bxc6 bxc6 21. Ra6 Ne7 22. Bxh7+ Kh8 23. Bd3 g6 24. Rb1 Kg7 25. Qc5 Bf5 26. Qc2 Bxd3 27. Qxd3 Rh8 28. Qc2 Qd6 29. Nf1 Qe6 30. Qd1 Bh4 31. Qf3 Rh5 32. g3 Bf6 33. Nd2 Qh3 34. Qg2 Qg4 35. Qf3 Qh3 36. Rb7 Qh2+ 37. Kf1 Rf5 38. Qg2 Qh6 39. Nf3 Rh5 40. g4 Rh1+ 41. Ke2 g5 42. Raa7 Qh7 43. Nd2 Rc1 44. e4 Rc3 45. Rxe7 1-0

[Event "Gorzow Wielkopolski Lasker Memorial 2nd"]
[Site "Gorzow Wielkopolski"]
[Date "2018.07.04"]
[Round "3"]
[White "Matthes, Aaron"]
[Black "Woithe, Daniel"]
[Result "0-1"]
[WhiteElo "1791"]
[BlackElo "1882"]
[PlyCount "113"]
[EventDate "2018.07.02"]
[EventType "swiss"]
[EventRounds "7"]
[EventCountry "POL"]
[SourceTitle "CBM 185 Extra"]
[Source "ChessBase"]
[SourceDate "2018.07.29"]
[SourceVersion "1"]
[SourceVersionDate "2018.07.29"]
[SourceQuality "1"]

1. d4 d5 2. c4 e6 3. Nc3 Nf6 4. cxd5 exd5 5. Bg5 c6 6. e3 Be7 7. Bd3 0-0 8. Qc2 Nbd7 9. Nge2 Re8 10. 0-0 Nf8 11. f3 h6 12. Bh4 Ne6 13. Rad1 Nh5 14. Bf2 b6 15. e4 Nhf4 16. exd5 Nxd5 17. Nxd5 cxd5 18. Qc6 Rb8 19. Bg3 Bb7 20. Qa4 Ra8 21. Bb5 Rf8 22. Bd7 Ba6 23. Rfe1 b5 24. Bxb5 Bxb5 25. Qxb5 a6 26. Qb7 Bf6 27. Be5 Bxe5 28. dxe5 Rb8 29. Qxd5 Qxd5 30. Rxd5 Rxb2 31. a4 Rc8 32. Kf1 Rcc2 33. Rdd1 Ra2 34. Ra1 Rxe2 35. Rxa2 Rxa2 36. Rb1 Rxa4 37. Rb8+ Kh7 38. Rb7 Kg6 39. g3 Ra2 40. h4 a5 41. g4 a4 42. h5+ Kh7 43. Rxf7 a3 44. Re7 Ra1+ 45. Kf2 a2 46. Rxe6 Rb1 47. Ra6 a1Q 48. Rxa1 Rxa1 49. Ke3 Ra4 50. f4 Kg8 51. e6 Kf8 52. Kf3 Ke7 53. f5 Kf6 54. Kg3 Kg5 55. Kf3 Ra3+ 56. Ke4 Kxg4 57. Ke5 0-1

[Event "GER-ch U16"]
[Site "Willingen"]
[Date "2018.05.22"]
[Round "4"]
[White "Woithe, Daniel"]
[Black "Hoffmann, Lennard"]
[Result "0-1"]
[WhiteElo "1847"]
[BlackElo "2060"]
[PlyCount "80"]
[EventDate "2018.05.19"]
[EventType "swiss"]
[EventRounds "9"]
[EventCountry "GER"]
[SourceTitle "CBM 184 Extra"]
[Source "ChessBase"]
[SourceDate "2018.06.28"]
[SourceVersion "1"]
[SourceVersionDate "2018.06.28"]
[SourceQuality "1"]

1. e4 e5 2. Nf3 Nc6 3. Bb5 Nd4 4. Nxd4 exd4 5. d3 Bc5 6. 0-0 c6 7. Bc4 d5 8. exd5 cxd5 9. Bb5+ Kf8 10. c3 h5 11. Ba4 Bg4 12. Qd2 Ne7 13. cxd4 Bxd4 14. Nc3 Rh6 15. Qf4 Bb6 16. Bd2 Bc7 17. Qd4 Rg6 18. Bd1 Qd6 19. g3 a6 20. Kg2 Bxd1 21. Raxd1 Rg4 22. f4 h4 23. Rf3 Rd8 24. Qe5 h3+ 25. Kh1 Qxe5 26. fxe5 Bxe5 27. Rdf1 f5 28. Rxf5+ Nxf5 29. Rxf5+ Bf6 30. Nxd5 Rd4 31. Nxf6 gxf6 32. Rxf6+ Kg8 33. Rf1 Rxd3 34. Bc3 Rd1 35. Kg1 Rxf1+ 36. Kxf1 Rd1+ 37. Ke2 Rh1 38. Kf3 Rxh2 39. g4 Re2 40. Kg3 h2 0-1

[Event "GER-ch U16"]
[Site "Willingen"]
[Date "2018.05.21"]
[Round "3"]
[White "Woithe, Daniel"]
[Black "Muetsch, Annmarie"]
[Result "0-1"]
[WhiteElo "1847"]
[BlackElo "2169"]
[PlyCount "62"]
[EventDate "2018.05.19"]
[EventType "swiss"]
[EventRounds "9"]
[EventCountry "GER"]
[SourceTitle "CBM 184 Extra"]
[Source "ChessBase"]
[SourceDate "2018.06.28"]
[SourceVersion "1"]
[SourceVersionDate "2018.06.28"]
[SourceQuality "1"]

1. e4 c5 2. Nf3 d6 3. c3 Nf6 4. Bb5+ Nbd7 5. d3 a6 6. Ba4 e5 7. 0-0 Be7 8. Re1 0-0 9. Nbd2 b5 10. Bc2 Qc7 11. Nf1 Re8 12. Ng3 g6 13. Be3 Bb7 14. d4 Rad8 15. d5 c4 16. h3 a5 17. Qd2 Nc5 18. a4 bxa4 19. Bxc5 Qxc5 20. Bxa4 Rf8 21. b3 cxb3 22. Bxb3 Rb8 23. Reb1 Rfc8 24. c4 Bd8 25. Ne1 Ba6 26. Qc3 h5 27. Nd3 Qa7 28. h4 Ng4 29. Nh1 Bb6 30. Ra2 Bxc4 31. Bxc4 Bxf2+ 0-1

[Event "GER-ch U16"]
[Site "Willingen"]
[Date "2018.05.20"]
[Round "2"]
[White "Roseneck, Jonas"]
[Black "Woithe, Daniel"]
[Result "1-0"]
[WhiteElo "2178"]
[BlackElo "1847"]
[PlyCount "43"]
[EventDate "2018.05.19"]
[EventType "swiss"]
[EventRounds "9"]
[EventCountry "GER"]
[SourceTitle "CBM 184 Extra"]
[Source "ChessBase"]
[SourceDate "2018.06.28"]
[SourceVersion "1"]
[SourceVersionDate "2018.06.28"]
[SourceQuality "1"]

1. e4 e6 2. d4 d5 3. Nc3 Bb4 4. e5 Ne7 5. a3 Bxc3+ 6. bxc3 c5 7. Qg4 0-0 8. Bd3 Nbc6 9. Nf3 f5 10. exf6 Rxf6 11. Ne5 Qc7 12. Qh5 cxd4 13. Qxh7+ Kf8 14. Ng4 Ne5 15. Qh8+ Ng8 16. Nxf6 Nxd3+ 17. Kf1 Qxc3 18. Qxg8+ Ke7 19. Qxg7+ Kd8 20. Qf8+ Kc7 21. Ne8+ Kd8 22. Bg5+ 1-0

[Event "GER-ch U16"]
[Site "Willingen"]
[Date "2017.06.10"]
[Round "9"]
[White "Woithe, Daniel"]
[Black "Lange, Jannis"]
[Result "0-1"]
[WhiteElo "1745"]
[BlackElo "1841"]
[PlyCount "74"]
[EventDate "2017.06.04"]
[EventType "swiss"]
[EventRounds "9"]
[EventCountry "GER"]
[SourceTitle "CBM 178 Extra"]
[Source "ChessBase"]
[SourceDate "2017.06.22"]
[SourceVersion "1"]
[SourceVersionDate "2017.06.22"]
[SourceQuality "1"]

1. e4 c5 2. c3 Nf6 3. e5 Nd5 4. Nf3 Nc6 5. d4 cxd4 6. cxd4 d6 7. Bc4 Nb6 8. Bb3 d5 9. 0-0 Bg4 10. Be3 e6 11. h3 Bh5 12. Nbd2 Be7 13. a3 0-0 14. g4 Bg6 15. Nh2 Na5 16. f4 Nxb3 17. Qxb3 Qd7 18. Rac1 Rac8 19. Nhf3 Rc6 20. Rc3 Rxc3 21. bxc3 Bd3 22. Rc1 Nc4 23. Nxc4 Bxc4 24. Qb2 Rc8 25. Nd2 Bd3 26. Nb3 b6 27. Nd2 Qa4 28. Nb1 Bxb1 29. Qxb1 Qxa3 30. Qd3 Qa4 31. f5 Qc4 32. Qd2 Ba3 33. Rc2 b5 34. f6 b4 35. Bf2 b3 36. Qg5 g6 37. Qh6 Bf8 0-1

[Event "GER-ch U16"]
[Site "Willingen"]
[Date "2017.06.06"]
[Round "4"]
[White "Riess, Alexander"]
[Black "Woithe, Daniel"]
[Result "1-0"]
[WhiteElo "2180"]
[BlackElo "1745"]
[PlyCount "47"]
[EventDate "2017.06.04"]
[EventType "swiss"]
[EventRounds "9"]
[EventCountry "GER"]
[SourceTitle "CBM 178 Extra"]
[Source "ChessBase"]
[SourceDate "2017.06.22"]
[SourceVersion "1"]
[SourceVersionDate "2017.06.22"]
[SourceQuality "1"]

1. d4 d5 2. c4 e6 3. Nc3 Nf6 4. cxd5 exd5 5. Bg5 c6 6. Qc2 Bd6 7. e3 0-0 8. Bd3 h6 9. Bh4 Nbd7 10. Nge2 Re8 11. 0-0-0 Qa5 12. Kb1 b5 13. Rc1 Bb7 14. Bf5 Qb6 15. g4 a5 16. g5 hxg5 17. Bxg5 c5 18. dxc5 Bxc5 19. Rhg1 Bf8 20. Nd4 b4 21. Na4 Qd8 22. Bxd7 Qxd7 23. Bxf6 Rac8 24. Qd1 1-0